| 000 | 00440cam a2200181ua 4500 | ||
|---|---|---|---|
| 020 | _c6.25 | ||
| 041 |
_aeng _h |
||
| 082 |
_a551.0162 _bRAJ/GE |
||
| 100 | _aRajaraman, S . | ||
| 245 |
_aGeology for engineers / _cS Rajaraman. _hTextual Documents |
||
| 250 |
_a4 / _b. |
||
| 260 |
_a Trichur : _bNeo saraswathi pri works , _c1957. |
||
| 300 | _a201 ; . | ||
| 365 | _a6.25 | ||
| 504 | _a | ||
| 942 | _cBK | ||
| 999 |
_c10331 _d10331 |
||